[Event "Joacaba Scherer"]
[Site "Joacaba"]
[Date "2024.05.08"]
[Round "8"]
[White "Delgado Ramirez, Neuris"]
[Black "Di Berardino, Diego Rafael"]
[Result "1-0"]
[WhiteElo "2484"]
[BlackElo "2485"]
[PlyCount "54"]
[EventDate "2024.05.01"]
[EventType "tourn"]
[EventRounds "9"]
[EventCountry "BRA"]
[EventCategory "8"]
[SourceTitle "CB20_2024"]
[SourceDate "2024.05.16"]
[SourceVersion "1"]
[SourceVersionDate "2024.05.16"]
[SourceQuality "1"]

1. e4 e6 2. d4 d5 3. Nd2 c5 4. exd5 Qxd5 5. dxc5 Nf6 6. Ngf3 Qxc5 7. Bd3 Nbd7 8. 0-0 Be7 9. Re1 0-0 10. Ne4 Qc7 11. Bg5 b6 12. Bh4 Bb7 13. Bg3 Qc6 14. Nd4 Qd5 15. Nb5 Nc5 16. Nc7 Qd8 17. Nxc5 Bxc5 18. Nxa8 Qxa8 19. Be5 Bxg2 20. Bxf6 gxf6 21. Qg4+ Kh8 22. Qh4 f5 23. Qf6+ Kg8 24. b4 Bxb4 25. Re3 Bf3 26. Bxf5 Bh5 27. Rh3 Bc5 1-0

[Event "Joacaba Scherer"]
[Site "Joacaba"]
[Date "2024.05.05"]
[Round "4"]
[White "Do Valle Cardoso, Lucas"]
[Black "Di Berardino, Diego Rafael"]
[Result "1/2-1/2"]
[WhiteElo "2375"]
[BlackElo "2485"]
[PlyCount "76"]
[EventDate "2024.05.01"]
[EventType "tourn"]
[EventRounds "9"]
[EventCountry "BRA"]
[EventCategory "8"]
[SourceTitle "CB20_2024"]
[SourceDate "2024.05.16"]
[SourceVersion "1"]
[SourceVersionDate "2024.05.16"]
[SourceQuality "1"]

1. e4 e6 2. d4 d5 3. Nc3 a6 4. Nf3 Bb4 5. e5 Bd7 6. a3 Bxc3+ 7. bxc3 Bb5 8. Bd3 Bxd3 9. cxd3 Nc6 10. a4 b6 11. h4 Nge7 12. h5 h6 13. Nh4 Qd7 14. Rh3 0-0-0 15. Rf3 g5 16. hxg6 fxg6 17. Rf7 Qe8 18. Rf6 g5 19. Nf3 Ng8 20. Ba3 Nxf6 21. exf6 e5 22. Qe2 exd4 23. Nxd4 Nxd4 24. cxd4 Qc6 25. Rc1 Qxf6 26. Be7 Qxd4 27. Bxd8 Rxd8 28. Qe7 c5 29. a5 Qxd3 30. Qe6+ Rd7 31. Qe8+ Kc7 32. axb6+ Kd6 33. Qb8+ Ke7 34. Rxc5 Qe4+ 35. Kf1 Qb1+ 36. Ke2 Qe4+ 37. Kf1 Qb1+ 38. Ke2 Qe4+ 1/2-1/2

[Event "Araraquara op 2nd"]
[Site "Araraquara"]
[Date "2024.02.12"]
[Round "6"]
[White "Di Berardino, Diego Rafael"]
[Black "Delgado Ramirez, Neuris"]
[Result "1/2-1/2"]
[WhiteElo "2480"]
[BlackElo "2517"]
[PlyCount "50"]
[EventDate "2024.02.10"]
[EventType "swiss"]
[EventRounds "7"]
[EventCountry "BRA"]
[SourceTitle "CB09_2024"]
[SourceDate "2024.02.28"]
[SourceVersion "1"]
[SourceVersionDate "2024.02.28"]
[SourceQuality "1"]

1. d4 Nf6 2. c4 e6 3. Nc3 Bb4 4. e3 b6 5. Nge2 Ne4 6. Qc2 Bb7 7. a3 Bxc3+ 8. Nxc3 Nxc3 9. Qxc3 Qh4 10. b4 d6 11. d5 0-0 12. Bb2 e5 13. Bd3 a5 14. 0-0 axb4 15. axb4 Nd7 16. Rae1 Nf6 17. f4 b5 18. e4 bxc4 19. Bxc4 exf4 20. Bc1 Nh5 21. Be2 Ng3 22. Rxf4 Nxe2+ 23. Rxe2 Qe7 24. Rc2 Rac8 25. b5 f6 1/2-1/2

[Event "Araraquara op 2nd"]
[Site "Araraquara"]
[Date "2024.02.11"]
[Round "4"]
[White "Di Berardino, Diego Rafael"]
[Black "Santos, Marcus Vinicius M"]
[Result "1-0"]
[WhiteElo "2480"]
[BlackElo "2331"]
[PlyCount "63"]
[EventDate "2024.02.10"]
[EventType "swiss"]
[EventRounds "7"]
[EventCountry "BRA"]
[SourceTitle "CB09_2024"]
[SourceDate "2024.02.28"]
[SourceVersion "1"]
[SourceVersionDate "2024.02.28"]
[SourceQuality "1"]

1. d4 Nf6 2. c4 g6 3. Nc3 Bg7 4. e4 d6 5. Nf3 0-0 6. Be2 Na6 7. 0-0 e5 8. Re1 c6 9. Be3 Ng4 10. Bg5 Qe8 11. h3 h6 12. Bc1 Nf6 13. Be3 exd4 14. Bxd4 Qe7 15. Bf1 c5 16. Be3 Nb4 17. Qd2 g5 18. Rad1 Ne8 19. Nh2 Nc6 20. h4 Bd4 21. hxg5 Bxe3 22. Rxe3 hxg5 23. Nd5 Qd8 24. Rg3 f6 25. f4 Nd4 26. fxg5 f5 27. Nf3 Nxf3+ 28. Rxf3 fxe4 29. Rxf8+ Kxf8 30. Qf4+ Kg8 31. Qxe4 Ng7 32. Bd3 1-0

[Event "Araraquara op 2nd"]
[Site "Araraquara"]
[Date "2024.02.10"]
[Round "2"]
[White "Di Berardino, Diego Rafael"]
[Black "Perego, Domingos Savio"]
[Result "1-0"]
[WhiteElo "2480"]
[BlackElo "1814"]
[PlyCount "39"]
[EventDate "2024.02.10"]
[EventType "swiss"]
[EventRounds "7"]
[EventCountry "BRA"]
[SourceTitle "CB09_2024"]
[SourceDate "2024.02.28"]
[SourceVersion "1"]
[SourceVersionDate "2024.02.28"]
[SourceQuality "1"]

1. Nf3 d5 2. c4 d4 3. b4 f6 4. e3 dxe3 5. fxe3 e5 6. c5 Be6 7. Bb2 Nh6 8. Nc3 Nf5 9. Qc2 Be7 10. Bd3 g6 11. 0-0 0-0 12. Ne4 Nc6 13. Bc4 Qd7 14. Qb3 Bf7 15. Bxf7+ Rxf7 16. b5 Na5 17. Qc3 Qxb5 18. Nxe5 Rff8 19. Ng4 Qc4 20. Ngxf6+ 1-0

[Event "Criciuma op-A"]
[Site "Criciuma"]
[Date "2024.01.18"]
[Round "9"]
[White "Di Berardino, Diego Rafael"]
[Black "Do Valle Cardoso, Lucas"]
[Result "1-0"]
[WhiteElo "2480"]
[BlackElo "2392"]
[PlyCount "101"]
[EventDate "2024.01.12"]
[EventType "swiss"]
[EventRounds "9"]
[EventCountry "BRA"]
[SourceTitle "CB04_2024"]
[SourceDate "2023.10.16"]
[SourceVersion "1"]
[SourceVersionDate "2023.10.16"]
[SourceQuality "1"]

1. d4 Nf6 2. c4 e6 3. Nc3 d5 4. cxd5 exd5 5. Bg5 Bb4 6. e3 h6 7. Bh4 g5 8. Bg3 Ne4 9. a3 Bxc3+ 10. bxc3 h5 11. f3 Nxg3 12. hxg3 Qd6 13. g4 h4 14. Nh3 Rg8 15. Bd3 Nc6 16. 0-0 Bd7 17. c4 Ne7 18. Qd2 0-0-0 19. cxd5 Nxd5 20. Bc4 Be6 21. Bxd5 Qxd5 22. Rac1 f5 23. gxf5 Qxf5 24. Nf2 h3 25. Nxh3 Qh7 26. Rc5 Bxh3 27. gxh3 Qxh3 28. Qh2 Qd7 29. Rfc1 c6 30. d5 g4 31. f4 g3 32. Qh6 Rh8 33. Qe6 Qxe6 34. dxe6 Rd3 35. R5c3 Rd2 36. R1c2 Rd1+ 37. Kg2 Kd8 38. Kxg3 Ke7 39. Rb2 Rb8 40. Kf3 Rd6 41. f5 Kf6 42. Kf4 Rd1 43. e4 Rf1+ 44. Rf3 Rxf3+ 45. Kxf3 Ke5 46. Rd2 b5 47. Rc2 Rc8 48. e7 Re8 49. Rxc6 Rxe7 50. Rc5+ Kd4 51. Rxb5 1-0

[Event "Criciuma op-A"]
[Site "Criciuma"]
[Date "2024.01.13"]
[Round "2"]
[White "Duarte Napoles, Fanny"]
[Black "Di Berardino, Diego Rafael"]
[Result "0-1"]
[WhiteElo "2220"]
[BlackElo "2480"]
[PlyCount "64"]
[EventDate "2024.01.12"]
[EventType "swiss"]
[EventRounds "9"]
[EventCountry "BRA"]
[SourceTitle "CB04_2024"]
[SourceDate "2023.10.16"]
[SourceVersion "1"]
[SourceVersionDate "2023.10.16"]
[SourceQuality "1"]

1. Nf3 c5 2. c4 Nc6 3. Nc3 g6 4. e3 Nf6 5. d4 cxd4 6. exd4 d5 7. cxd5 Nxd5 8. Qb3 Nxc3 9. Bc4 e6 10. bxc3 Bd7 11. Be2 Qc7 12. 0-0 Rc8 13. Bg5 Bg7 14. Qa3 h6 15. Bh4 Qa5 16. Qb3 b6 17. a4 0-0 18. Bb5 a6 19. Be2 e5 20. d5 e4 21. dxc6 exf3 22. Bxf3 Bxc6 23. Be7 Bxf3 24. gxf3 Rfe8 25. Bb4 Qg5+ 26. Kh1 Qf4 27. Kg2 Re5 28. Rfe1 Rg5+ 29. Kf1 Qxf3 30. Re7 Qd3+ 31. Re2 Qh3+ 32. Ke1 Rg1+ 0-1

[Event "BRA-ch 89th"]
[Site "Recife"]
[Date "2023.12.18"]
[Round "8"]
[White "Di Berardino, Diego Rafael"]
[Black "Supi, Luis Paulo"]
[Result "0-1"]
[WhiteElo "2477"]
[BlackElo "2579"]
[PlyCount "102"]
[EventDate "2023.12.13"]
[EventType "swiss"]
[EventRounds "11"]
[EventCountry "BRA"]
[SourceTitle "CB52_2023"]
[SourceDate "2023.12.27"]
[SourceVersion "1"]
[SourceVersionDate "2023.12.27"]
[SourceQuality "1"]

1. d4 d5 2. c4 e6 3. Nc3 Nf6 4. cxd5 exd5 5. Bg5 Bb4 6. e3 h6 7. Bh4 g5 8. Bg3 Ne4 9. Nge2 h5 10. h4 Bg4 11. Qb3 Nc6 12. f3 Nxg3 13. Nxg3 Be6 14. Bd3 Qe7 15. 0-0-0 0-0-0 16. a3 Bxc3 17. Qxc3 gxh4 18. Ne2 Kb8 19. Nf4 Bc8 20. Rde1 Qg5 21. Kb1 Ne7 22. Ka1 Rh6 23. Qd2 Bf5 24. Qf2 Bxd3 25. Nxd3 Nf5 26. Ne5 Rh7 27. f4 Qf6 28. Nf3 Rg7 29. Nxh4 Ng3 30. Rh2 Ne4 31. Qe2 Ng3 32. Qf2 Rdg8 33. Nf3 Qf5 34. Rc1 f6 35. Nd2 a6 36. Qf3 Qd3 37. Nb1 c6 38. Rc3 Qf5 39. Nd2 Qc8 40. Nf1 Nf5 41. g3 Nxg3 42. Nxg3 Rxg3 43. Qxh5 Qe6 44. Qh7 R8g7 45. Qh8+ Rg8 46. Qh7 Rxe3 47. Rxe3 Rg1+ 48. Ka2 Qxe3 49. Qh8+ Ka7 50. Qxf6 Qc1 51. Qe5 Qc4+ 0-1

[Event "Titled Tuesday intern op 26th Sep Late"]
[Site "Chess.com INT"]
[Date "2023.09.26"]
[Round "10"]
[White "Bryakin, Mikhail"]
[Black "Di Berardino, Diego Rafael"]
[Result "1-0"]
[WhiteElo "2481"]
[BlackElo "2481"]
[PlyCount "85"]
[EventDate "2023.09.26"]
[EventType "swiss (blitz)"]
[EventRounds "11"]
[EventCountry "USA"]
[SourceTitle "EXT 2024"]
[Source "ChessBase"]
[SourceDate "2023.10.10"]
[SourceVersion "1"]
[SourceVersionDate "2023.10.10"]
[SourceQuality "1"]

1. e4 c5 2. d3 Nc6 3. g3 g6 4. Bg2 Bg7 5. Nf3 d6 6. 0-0 e5 7. a4 Nge7 8. Na3 0-0 9. Nc4 h6 10. c3 Be6 11. h3 f5 12. b3 f4 13. g4 g5 14. Nh2 Ng6 15. f3 Nh4 16. Qe2 h5 17. gxh5 Bf7 18. Ng4 Bxh5 19. Bd2 Bf6 20. Be1 Ng6 21. Bf2 Kg7 22. Rfd1 Rh8 23. Kf1 Qe7 24. b4 b6 25. b5 Nd8 26. d4 Bxg4 27. hxg4 Nf7 28. dxc5 bxc5 29. a5 Nh4 30. b6 Rh7 31. a6 Rah8 32. b7 Nxg2 33. Kxg2 Rh2+ 34. Kf1 Qc7 35. Qd3 Qb8 36. Bg1 Rh1 37. Ra2 R8h3 38. Rg2 Rg3 39. Rxg3 fxg3 40. Nxd6 Qh8 41. Nf5+ Kg6 42. Rd2 Qh3+ 43. Rg2 1-0

[Event "Titled Tuesday intern op 26th Sep Late"]
[Site "Chess.com INT"]
[Date "2023.09.26"]
[Round "3"]
[White "Castella Garcia, Fausto"]
[Black "Di Berardino, Diego Rafael"]
[Result "1-0"]
[WhiteElo "2320"]
[BlackElo "2481"]
[PlyCount "45"]
[EventDate "2023.09.26"]
[EventType "swiss (blitz)"]
[EventRounds "11"]
[EventCountry "USA"]
[SourceTitle "EXT 2024"]
[Source "ChessBase"]
[SourceDate "2023.10.10"]
[SourceVersion "1"]
[SourceVersionDate "2023.10.10"]
[SourceQuality "1"]

1. e4 Nf6 2. e5 Nd5 3. Nc3 Nxc3 4. dxc3 d6 5. Nf3 g6 6. Bc4 Bg7 7. Ng5 0-0 8. e6 f5 9. h4 c6 10. h5 d5 11. hxg6 hxg6 12. Qf3 dxc4 13. Bf4 Qd5 14. Qh3 Rf6 15. Rd1 Rxe6+ 16. Be3 f4 17. Qh7+ Kf8 18. Rxd5 cxd5 19. Nxe6+ Bxe6 20. Bd4 Bxd4 21. cxd4 Ke8 22. Qxg6+ Kd7 23. Rh6 1-0

[Event "Titled Tuesday intern op 26th Sep Late"]
[Site "Chess.com INT"]
[Date "2023.09.26"]
[Round "6"]
[White "Di Berardino, Diego Rafael"]
[Black "Gutierrez Olivares, Daniel"]
[Result "1-0"]
[WhiteElo "2481"]
[BlackElo "2354"]
[PlyCount "83"]
[EventDate "2023.09.26"]
[EventType "swiss (blitz)"]
[EventRounds "11"]
[EventCountry "USA"]
[SourceTitle "EXT 2024"]
[Source "ChessBase"]
[SourceDate "2023.10.10"]
[SourceVersion "1"]
[SourceVersionDate "2023.10.10"]
[SourceQuality "1"]

1. e4 e6 2. d4 d5 3. e5 c5 4. c3 Nc6 5. Nf3 Bd7 6. Be2 f5 7. 0-0 Nge7 8. Re1 Ng6 9. g3 Be7 10. h4 0-0 11. h5 Nh8 12. Nbd2 cxd4 13. cxd4 Be8 14. h6 g5 15. Nb3 b6 16. Kg2 a5 17. Rb1 a4 18. Na1 Bg6 19. Nc2 Nf7 20. Rh1 Rc8 21. Bd3 b5 22. Bxb5 f4 23. Bd3 g4 24. Nh4 fxg3 25. Nxg6 hxg6 26. Qxg4 Nfxe5 27. dxe5 Nxe5 28. Qxe6+ Kh7 29. Qxe5 Rxf2+ 30. Kg1 Qf8 31. Qg7+ Qxg7 32. hxg7+ Kxg7 33. Bh6+ Kg8 34. Be3 Rf3 35. Re1 Rxc2 36. Bxc2 Rxe3 37. Rxe3 Bc5 38. Kg2 Bxe3 39. Bxg6 Bd4 40. b3 a3 41. Bd3 Kg7 42. Rh5 1-0

[Event "Titled Tuesday intern op 26th Sep Late"]
[Site "Chess.com INT"]
[Date "2023.09.26"]
[Round "5"]
[White "Seletsky, Grigory"]
[Black "Di Berardino, Diego Rafael"]
[Result "0-1"]
[WhiteElo "2220"]
[BlackElo "2481"]
[PlyCount "70"]
[EventDate "2023.09.26"]
[EventType "swiss (blitz)"]
[EventRounds "11"]
[EventCountry "USA"]
[SourceTitle "EXT 2024"]
[Source "ChessBase"]
[SourceDate "2023.10.10"]
[SourceVersion "1"]
[SourceVersionDate "2023.10.10"]
[SourceQuality "1"]

1. e4 c5 2. Nf3 b6 3. d4 cxd4 4. Nxd4 Bb7 5. Nc3 Nf6 6. e5 Nd5 7. Nxd5 Bxd5 8. Bf4 Nc6 9. Nxc6 Bxc6 10. Qd2 e6 11. 0-0-0 Qc7 12. Kb1 Be7 13. f3 0-0 14. h4 b5 15. h5 b4 16. h6 g6 17. Bd3 a5 18. Rhe1 a4 19. Be4 b3 20. cxb3 axb3 21. a3 Bxa3 22. bxa3 Rxa3 23. Bxc6 Qxc6 24. Be3 Rfa8 25. Bd4 Qa4 26. Qc3 b2 27. Qxb2 Rb3 28. Rc1 Qa2+ 29. Kc2 Rxb2+ 30. Bxb2 Rc8+ 31. Kd3 Qb3+ 32. Rc3 Qb5+ 33. Kc2 Rb8 34. Rb1 Qe2+ 35. Kc1 Qxg2 0-1

[Event "Niteroi op 3rd"]
[Site "Niteroi"]
[Date "2023.09.10"]
[Round "9"]
[White "Di Berardino, Diego Rafael"]
[Black "Mekhitarian, Krikor Sevag"]
[Result "1/2-1/2"]
[WhiteElo "2481"]
[BlackElo "2543"]
[PlyCount "60"]
[EventDate "2023.09.04"]
[EventType "swiss"]
[EventRounds "9"]
[EventCountry "BRA"]
[SourceTitle "EXT 2024"]
[Source "ChessBase"]
[SourceDate "2023.10.10"]
[SourceVersion "1"]
[SourceVersionDate "2023.10.10"]
[SourceQuality "1"]

1. d4 Nf6 2. c4 e6 3. Nc3 Bb4 4. e3 0-0 5. Bd3 d5 6. Nf3 dxc4 7. Bxc4 c5 8. 0-0 cxd4 9. exd4 b6 10. Bg5 Bb7 11. Qe2 Nbd7 12. Rac1 Bxc3 13. bxc3 Qc7 14. Bd3 Ng4 15. Be4 Bxe4 16. Qxe4 Ngf6 17. Qe2 h6 18. Bd2 Rac8 19. c4 Qb7 20. Qd3 Rfd8 21. Qb3 Ne4 22. Bf4 Nf8 23. Rfd1 Ng6 24. Be3 Ne7 25. h3 Nf5 26. Bf4 Nf6 27. Be5 Nd7 28. Bh2 Nf6 29. Be5 Nd7 30. Bh2 Nf6 1/2-1/2

[Event "Niteroi op 3rd"]
[Site "Niteroi"]
[Date "2023.09.07"]
[Round "6"]
[White "Di Berardino, Diego Rafael"]
[Black "De Siqueira, Luigy Lira"]
[Result "1/2-1/2"]
[WhiteElo "2481"]
[BlackElo "2099"]
[PlyCount "170"]
[EventDate "2023.09.04"]
[EventType "swiss"]
[EventRounds "9"]
[EventCountry "BRA"]
[SourceTitle "EXT 2024"]
[Source "ChessBase"]
[SourceDate "2023.10.10"]
[SourceVersion "1"]
[SourceVersionDate "2023.10.10"]
[SourceQuality "1"]

1. d4 Nf6 2. c4 e6 3. Nc3 d5 4. cxd5 exd5 5. Bg5 Be7 6. e3 c6 7. Bd3 0-0 8. Qc2 h6 9. Bf4 Bd6 10. Bxd6 Qxd6 11. Nf3 Nbd7 12. 0-0 Re8 13. h3 a5 14. Rac1 Qb8 15. Rfe1 b6 16. Na4 Bb7 17. Ne5 Nxe5 18. dxe5 Qxe5 19. Nxb6 Rad8 20. Na4 Bc8 21. Nc5 Rd6 22. f4 Qh5 23. Qe2 Qh4 24. Qf3 Ne4 25. Bxe4 dxe4 26. Nxe4 Rg6 27. Nf2 Bd7 28. Kh2 Rb8 29. Re2 h5 30. Rd2 Bg4 31. Nxg4 hxg4 32. Qg3 Qxg3+ 33. Kxg3 gxh3+ 34. Kxh3 Rb5 35. Kh2 Re6 36. Rc3 g5 37. Kg3 Kg7 38. Kf3 gxf4 39. exf4 Rb4 40. Rdc2 Re1 41. g3 Rb1 42. Rb3 Rxb3+ 43. axb3 Rd1 44. Ke4 Rg1 45. Kf3 Rd1 46. Kf2 Rd3 47. Rxc6 Rxb3 48. Rc2 a4 49. Kg2 a3 50. bxa3 Rxa3 51. Kh3 Kg6 52. Rc5 Ra4 53. Kg4 Rb4 54. Kh4 Ra4 55. Rg5+ Kf6 56. Kg4 Rb4 57. Re5 Kg6 58. Re3 Ra4 59. Rb3 Rc4 60. Kf3 Rc1 61. g4 Rf1+ 62. Ke3 Rg1 63. Rb6+ Kg7 64. g5 Re1+ 65. Kf3 Rf1+ 66. Kg4 Ra1 67. Rd6 Rb1 68. Rd4 Ra1 69. Re4 Rb1 70. f5 Rg1+ 71. Kf4 Rf1+ 72. Kg4 Rg1+ 73. Kh5 Rf1 74. f6+ Kh7 75. Rh4 Rg1 76. Rh3 Rg2 77. Rh1 Rg3 78. Ra1 Rg2 79. Ra8 Rh2+ 80. Kg4 Rg2+ 81. Kf4 Rf2+ 82. Kg3 Rf1 83. Rf8 Kg6 84. Rg8+ Kf5 85. Kg2 Rf4 1/2-1/2

[Event "Titled Tuesday intern op 22nd Aug Late"]
[Site "Chess.com INT"]
[Date "2023.08.22"]
[Round "2"]
[White "Bortnyk, Olexandr"]
[Black "Di Berardino, Diego Rafael"]
[Result "1/2-1/2"]
[WhiteElo "2608"]
[BlackElo "2479"]
[PlyCount "101"]
[EventDate "2023.08.22"]
[EventType "swiss (blitz)"]
[EventRounds "11"]
[EventCountry "USA"]
[SourceTitle "EXT 2024"]
[Source "ChessBase"]
[SourceDate "2023.10.10"]
[SourceVersion "1"]
[SourceVersionDate "2023.10.10"]
[SourceQuality "1"]

1. d4 Nf6 2. Nc3 e6 3. Bf4 Bb4 4. e3 0-0 5. Bd3 d5 6. Nf3 c5 7. dxc5 Nc6 8. Bd6 Re8 9. 0-0 Nd7 10. Na4 b6 11. Nd4 Bb7 12. Ba6 Qc8 13. Nxc6 Qxc6 14. Bxb7 Qxb7 15. c6 Qxc6 16. Bxb4 Qxa4 17. c3 Qxd1 18. Rfxd1 Nc5 19. Rac1 Rec8 20. f3 b5 21. b3 a5 22. Ba3 h5 23. h4 f6 24. Kf2 Kf7 25. Ke2 Rc6 26. Bb2 a4 27. c4 dxc4 28. bxc4 b4 29. Rb1 e5 30. Rd5 Rac8 31. g4 hxg4 32. fxg4 Ne4 33. Rd7+ Kg8 34. g5 Rxc4 35. gxf6 Nxf6 36. Rb7 Rc2+ 37. Kf3 e4+ 38. Kg3 Rf8 39. Rxb4 Nh5+ 40. Kg4 Rg2+ 41. Kh3 Rg3+ 42. Kh2 Rf2+ 43. Kh1 Rgg2 44. Be5 Ng3+ 45. Bxg3 Rxg3 46. Rxe4 Rgg2 47. Rxa4 Rh2+ 48. Kg1 Rhg2+ 49. Kh1 Rh2+ 50. Kg1 Rhg2+ 51. Kh1 1/2-1/2

[Event "Titled Tuesday intern op 22nd Aug Late"]
[Site "Chess.com INT"]
[Date "2023.08.22"]
[Round "7"]
[White "Di Berardino, Diego Rafael"]
[Black "Bazilius, Augustinas"]
[Result "1-0"]
[WhiteElo "2479"]
[BlackElo "2052"]
[PlyCount "117"]
[EventDate "2023.08.22"]
[EventType "swiss (blitz)"]
[EventRounds "11"]
[EventCountry "USA"]
[SourceTitle "EXT 2024"]
[Source "ChessBase"]
[SourceDate "2023.10.10"]
[SourceVersion "1"]
[SourceVersionDate "2023.10.10"]
[SourceQuality "1"]

1. e4 c5 2. Nf3 Nc6 3. c3 Nf6 4. e5 Nd5 5. d4 cxd4 6. cxd4 d6 7. Bc4 Nb6 8. Bb5 dxe5 9. Nxe5 Bd7 10. Nxd7 Qxd7 11. Nc3 e6 12. 0-0 Be7 13. Qg4 Bf6 14. Be3 Nd5 15. Ne4 0-0 16. Rad1 g6 17. Nxf6+ Nxf6 18. Qh4 Nd5 19. Bh6 Rfe8 20. Rfe1 a6 21. Bc4 Nce7 22. Bg5 Nf5 23. Qh3 b5 24. Bxd5 Qxd5 25. Bf6 Ng7 26. Re5 Nh5 27. Rxd5 exd5 28. Bg5 Rac8 29. g4 Ng7 30. Bf6 Rc2 31. Qh6 Ne6 32. Re1 Rc7 33. h4 Rec8 34. Kg2 Rd7 35. h5 Re8 36. hxg6 fxg6 37. Re5 Rf7 38. g5 Nc7 39. Rxe8+ Nxe8 40. Be5 Ng7 41. f4 Nf5 42. Qh3 Rb7 43. Qb3 Rd7 44. a4 Kf7 45. axb5 axb5 46. Qxb5 Re7 47. Qxd5+ Ke8 48. Qg8+ Kd7 49. Qd5+ Ke8 50. Qa8+ Kf7 51. d5 Ne3+ 52. Kf3 Nc4 53. d6 Nxe5+ 54. fxe5 Rxe5 55. Qb7+ Ke6 56. Qe7+ Kd5 57. Qxe5+ Kxe5 58. d7 Kf5 59. d8Q 1-0

[Event "Titled Tuesday intern op 22nd Aug Late"]
[Site "Chess.com INT"]
[Date "2023.08.22"]
[Round "11"]
[White "Naroditsky, Daniel"]
[Black "Di Berardino, Diego Rafael"]
[Result "1-0"]
[WhiteElo "2619"]
[BlackElo "2479"]
[PlyCount "59"]
[EventDate "2023.08.22"]
[EventType "swiss (blitz)"]
[EventRounds "11"]
[EventCountry "USA"]
[SourceTitle "EXT 2024"]
[Source "ChessBase"]
[SourceDate "2023.10.10"]
[SourceVersion "1"]
[SourceVersionDate "2023.10.10"]
[SourceQuality "1"]

1. e4 c5 2. Nf3 b6 3. d4 cxd4 4. Nxd4 Bb7 5. Nc3 Nf6 6. Bd3 Nc6 7. Nxc6 Bxc6 8. 0-0 e6 9. e5 Nd5 10. Ne4 Qc7 11. c4 Nb4 12. Bf4 Nxd3 13. Qxd3 Be7 14. Rfe1 0-0 15. Ng5 Bxg5 16. Bxg5 f6 17. exf6 gxf6 18. Bh6 Rf7 19. Re3 Kh8 20. Rg3 Rg8 21. Re1 Rxg3 22. hxg3 e5 23. Rd1 Qc8 24. Qd6 Qg8 25. b4 Qg6 26. Qb8+ Qg8 27. Qxa7 f5 28. Qxb6 Rf6 29. Rxd7 Re6 30. Bg7+ 1-0